000 00464 a2200121 4500
001 ART_28326
005 20260410161951.0
008 260409a
245 1 0 _aImportancia de la prueba en la responsabilidad por el riesgo o vicio de la cosa según la prescripción del artículo 40 de la LDC
100 1 _aGraziabile, Darío J.
700 1 _aAlmada, Sebastián E.
773 0 _tTemas de derecho comercial
_g- Año 1, Nº 3 (mar. 2015)
_wREV28151
999 _c30402
_d30402